| 000 | 00815pam a2200277 a 4500 | ||
|---|---|---|---|
| 999 |
_c8804 _d8804 |
||
| 001 | 8804 | ||
| 003 | BD-JhCC | ||
| 005 | 20180304104633.0 | ||
| 008 | 901128s1991 nyua 001 0 eng | ||
| 020 | _a0827333145 (textbook) | ||
| 020 | _a0827333153 (manual) | ||
| 035 | _a(BD-JhCC)8804 | ||
| 040 |
_aDLC _cDLC _dDLC _dBD-JhCC |
||
| 041 | _aeng | ||
| 050 | 0 | 0 |
_aQA39.2 _b.S618 1991 |
| 082 | 0 | 0 |
_a510 _220 _bSMI 1991 |
| 100 | 1 |
_aSmith, Robert Donald, _d1931- |
|
| 245 | 1 | 0 |
_aVocational-technical mathematics / _cRobert D. Smith. |
| 250 | _a2nd ed. | ||
| 260 |
_aAlbany, N.Y. : _bDelmar Publishers, _cc1991. |
||
| 300 |
_axv, 678 p. : _bill. ; _c28 cm. + _e1 solutions manual with tests (iii, 219 p. :ill. ;28 cm.) |
||
| 500 | _aIncludes index. | ||
| 650 | 0 | _aMathematics. | |
| 942 |
_2ddc _cBK |
||